twenty one pilots - Bandito Lyrics - Statistics

General Stats
  • This quiz has been taken 367 times
  • The average score is 168 of 226
Answer Stats
Answer % Correct
I
100%
a
98%
ban
98%
bandito
98%
I'm
95%
the
93%
The
93%
But
92%
know
91%
take
91%
going
90%
high
89%
that
89%
road
88%
could
86%
low
86%
to
86%
To
86%
in
82%
In
82%
So
81%
feel
79%
it
79%
is
78%
This
76%
this
76%
be
74%
When
73%
City
72%
Like
71%
my
71%
neon
70%
they
70%
make
69%
we
68%
fire
66%
give
65%
It's
65%
spirit
65%
Folina
64%
if
64%
nicknames
63%
Sahlo
63%
for
62%
uninspire
62%
recently
61%
themselves
61%
discovered
60%
heatless
60%
two
60%
Where
60%
where
60%
contained
59%
places
59%
between
58%
brain
58%
me
56%
proof
56%
used
56%
And
55%
inside
55%
glass
54%
sound
53%
bullet
52%
created
52%
not
52%
world
52%
control
51%
some
51%
truth
51%
now
50%
sing
50%
with
50%
Destroy
49%
Begin
48%
needs
48%
sure
48%
want
48%
you
48%
add
47%
relative
46%
way
45%
close
44%
hear
44%
of
44%
still
44%
form
43%
or
43%
our
43%
through
42%
Either
41%
enough
41%
fear's
41%
echo
40%
rival
40%
blood
39%
these
39%
bounce
38%
off
38%
bleed
37%
helps
37%
words
34%
softest
33%
No matching quizzes found
Score Distribution
Percent of People with Each Score
Percentile by Number Answered
Your Score History
You have not taken this quiz